000 00273nam a22001337a 4500
008 170418b xxu||||| |||| 00| 0 eng d
020 _a255478
041 _aeng
080 _28TH
_a573
100 _a10
101 _aSHM
245 _aBIOLOGY
_cCAMPBELL
942 _2udc
_cBK
999 _c10939
_d10939